| 000 | 01122nam a2200301 i 4500 | ||
|---|---|---|---|
| 003 | EG-ScBUE | ||
| 005 | 20240813121950.0 | ||
| 008 | 090726s2003 ly f b 000 0 ara d | ||
| 020 | _a9959221989 | ||
| 020 | _a9959222004 | ||
| 040 |
_aEG-ScBUE _bara _erda _cEG-ScBUE _dEG-ScBUE |
||
| 043 | _af-ly--- | ||
| 082 | 0 | 4 |
_a961.23 _bم ا ع _222 |
| 100 | 1 |
_aماعزي، الأمين محمد، _eمؤلف. |
|
| 245 | 1 | 0 |
_aوادي الحياة الآجال سابقا : _bدرلسة وصفية قديما وحديثا / _cالأمين محمد الماعزي. |
| 250 | _aالطبعة الأولى. | ||
| 264 | 1 |
_aبنغازي : _bدار الكتب الوطنية، _c2003. |
|
| 300 | 1 |
_a524 صفحة ؛ _c24 سم. |
|
| 336 |
_2rdacontent _aنص _btxt |
||
| 337 |
_aبدون وسيط _2rdamedia _bn |
||
| 338 |
_aمجلد _bnc _2rdacarrier |
||
| 490 | 0 |
_aحضارات الصحراء ؛ _v2 |
|
| 504 | _aيشتمل على إرجاعات ببليوجرافية. | ||
| 651 | 7 |
_98101 _aفزان (ليبيا) _xتاريخ. _2BUEsh |
|
| 651 | 7 |
_98103 _aليبيا _xتاريخ. _2BUEsh |
|
| 655 | _vReading book | ||
| 942 |
_2ddc _cBB |
||
| 999 |
_c12394 _d12394 |
||